• 首页
  • 本馆介绍
  • 公告通知
  • 最新文献
  • 馆藏检索
  • 电子资源
  • 读者导购
  • 参考咨询
  • 我的图书馆
  • 登录
  • 详细信息显示
  • 放入我的书架
  • 预约/预借图书
  • 作者相关作品
  • 分类相关作品
  • 丛书相关作品
  • 出版社相关作品

书目信息

  • 表格格式
  • 工作单格式
  • 卡片格式
题名:
会计舞弊的演变与治理
    
 
作者: 王遂昆 著
分册:  
出版信息: 北京   中国经济出版社  2019
页数: 248页
开本: 24cm
丛书名:
单 册:
中图分类: F231.6
科图分类:
主题词: 会计检查--hui ji jian cha--研究
电子资源:
ISBN: 978-7-5136-5456-2
000 00911nam0 2200241 450
001 2158025980
005 20211011172911.0
010    @a978-7-5136-5456-2@dCNY68.00
100    @a20190406d2019 em y0chiy50 ea
101 0  @achi
102    @aCN@b110000
105    @aa z 001yy
106    @ar
200 1  @a会计舞弊的演变与治理@Ahui ji wu bi de yan bian yu zhi li@dThe evolution and regulation of accounting fraud@f王遂昆著@zeng
210    @a北京@c中国经济出版社@d2019
215    @a248页@c图@d24cm
330    @a本书结合人类社会的产权制度演进与权力演化,采用辩证的方法,通过解析具体的史实,对不同时期会计舞弊演变与治理的思想与实践进行了系统梳理。
510 1  @aThe evolution and regulation of accounting fraud@zeng
606 0  @a会计检查@Ahui ji jian cha@x研究
690    @aF231.6@v5
701  0 @a王遂昆@Awang sui kun@f(1973.5-)@4著
801  0 @aCN@b百万庄@c20211007
905    @b1306789-792@dF231.6@e756@f4
    
    会计舞弊的演变与治理=The evolution and regulation of accounting fraud/王遂昆著.-北京:中国经济出版社,2019
    248页:图;24cm
    
    
    ISBN 978-7-5136-5456-2:CNY68.00
    本书结合人类社会的产权制度演进与权力演化,采用辩证的方法,通过解析具体的史实,对不同时期会计舞弊演变与治理的思想与实践进行了系统梳理。
●
相关链接 在E读中查询图书 在五车中查询图书 在当当中查询图书 在豆瓣中查询图书


正题名:会计舞弊的演变与治理     索取号:F231.6/756         预约/预借

序号 登录号 条形码 馆藏地/架位号 状态 备注
1 1306789   213067893   第一样本阅览室/ [索取号:F231.6/756] 在馆    
2 1306790   213067900   第一借阅区/ [索取号:F231.6/756] 在馆    
3 1306791   213067919   第一借阅区/ [索取号:F231.6/756] 在馆    
4 1306792   213067928   第一借阅区/ [索取号:F231.6/756] 在馆    
唐山师范学院图书馆 欢迎您!
大连网信软件有限公司© 版权所有